<?xml version="1.0" encoding="UTF-8"?>
<record
    xmlns:xsi="http://www.w3.org/2001/XMLSchema-instance"
    xsi:schemaLocation="http://www.loc.gov/MARC21/slim http://www.loc.gov/standards/marcxml/schema/MARC21slim.xsd"
    xmlns="http://www.loc.gov/MARC21/slim">

  <leader>00807nam a22002177a 4500</leader>
  <datafield tag="999" ind1=" " ind2=" ">
    <subfield code="c">61760</subfield>
    <subfield code="d">61760</subfield>
  </datafield>
  <controlfield tag="005">20240429165419.0</controlfield>
  <controlfield tag="008">240429s2006    enk||||| |||| 00| 0 eng d</controlfield>
  <datafield tag="020" ind1=" " ind2=" ">
    <subfield code="a">007144159Xx</subfield>
  </datafield>
  <datafield tag="041" ind1=" " ind2=" ">
    <subfield code="a">eng</subfield>
  </datafield>
  <datafield tag="080" ind1=" " ind2=" ">
    <subfield code="a">616-006 M-10</subfield>
  </datafield>
  <datafield tag="100" ind1=" " ind2=" ">
    <subfield code="a">McPhee, Stephen J. </subfield>
    <subfield code="9">21901</subfield>
  </datafield>
  <datafield tag="245" ind1=" " ind2=" ">
    <subfield code="a">Pathophysiology of Disease: </subfield>
    <subfield code="b">An Introduction to Clinical Medicine /</subfield>
    <subfield code="c">Stephen J. McPhee, William Ganong.</subfield>
  </datafield>
  <datafield tag="250" ind1=" " ind2=" ">
    <subfield code="a">Fifth Edition</subfield>
  </datafield>
  <datafield tag="264" ind1=" " ind2=" ">
    <subfield code="a">New York :</subfield>
    <subfield code="b">McGraw-Hill, </subfield>
    <subfield code="c">2006.</subfield>
  </datafield>
  <datafield tag="300" ind1=" " ind2=" ">
    <subfield code="a">761 p.:</subfield>
    <subfield code="b">ill.;</subfield>
    <subfield code="c">24 cm.</subfield>
  </datafield>
  <datafield tag="653" ind1=" " ind2=" ">
    <subfield code="a">&#x10D3;&#x10D0;&#x10D0;&#x10D5;&#x10D0;&#x10D3;&#x10D4;&#x10D1;&#x10D8;&#x10E1; &#x10DE;&#x10D0;&#x10D7;&#x10DD;&#x10E4;&#x10D8;&#x10D6;&#x10D8;&#x10DD;&#x10DA;&#x10DD;&#x10D2;&#x10D8;&#x10D0;</subfield>
  </datafield>
  <datafield tag="653" ind1=" " ind2=" ">
    <subfield code="a">&#x10E8;&#x10D4;&#x10E1;&#x10D0;&#x10D5;&#x10D0;&#x10DA;&#x10D8; &#x10D9;&#x10DA;&#x10D8;&#x10DC;&#x10D8;&#x10D9;&#x10E3;&#x10E0; &#x10DB;&#x10D4;&#x10D3;&#x10D8;&#x10EA;&#x10D8;&#x10DC;&#x10D0;&#x10E8;&#x10D8;</subfield>
  </datafield>
  <datafield tag="653" ind1=" " ind2=" ">
    <subfield code="a">&#x10DB;&#x10D4;&#x10D3;&#x10D8;&#x10EA;&#x10D8;&#x10DC;&#x10D0;</subfield>
  </datafield>
  <datafield tag="700" ind1=" " ind2=" ">
    <subfield code="a">Ganong, William</subfield>
    <subfield code="e">&#x10D0;&#x10D5;&#x10E2;&#x10DD;&#x10E0;&#x10D8;</subfield>
    <subfield code="9">21984</subfield>
  </datafield>
  <datafield tag="942" ind1=" " ind2=" ">
    <subfield code="2">udc</subfield>
    <subfield code="c">BK</subfield>
  </datafield>
  <datafield tag="952" ind1=" " ind2=" ">
    <subfield code="0">0</subfield>
    <subfield code="1">0</subfield>
    <subfield code="2">udc</subfield>
    <subfield code="4">0</subfield>
    <subfield code="6">616006_M10</subfield>
    <subfield code="7">0</subfield>
    <subfield code="9">98796</subfield>
    <subfield code="a">CPL</subfield>
    <subfield code="b">CPL</subfield>
    <subfield code="c">GEN</subfield>
    <subfield code="d">2024-04-29</subfield>
    <subfield code="g">109.00</subfield>
    <subfield code="o">616-006 M-10</subfield>
    <subfield code="p">67916</subfield>
    <subfield code="r">2024-04-29</subfield>
    <subfield code="t">67916</subfield>
    <subfield code="w">2024-04-29</subfield>
    <subfield code="y">BK</subfield>
    <subfield code="z">109 &#x10DA;.</subfield>
  </datafield>
</record>
